[Event "DVM U10 2020"]
[Site "Magdeburg GER"]
[Date "2021.08.07"]
[Round "5"]
[White "Doan, Anton"]
[Black "Meusel, Theodor"]
[Result "0-1"]
[Termination "normal"]
[Board "4.3"]
[WhiteElo "965"]
[BlackElo "1137"]
[WhiteClock "00:24:45"]
[BlackClock "00:17:46"]
[WhiteTeam "SchachAkademiePaderborn e. V."]
[BlackTeam "TSG Oberschöneweide e.V."]
[PlyCount "76"]
[WhiteFideId "34619640"]
[BlackFideId "34617116"]
[EventCountry "GER"]
[EventRounds "7"]
[EventType "team-swiss"]
[EventDate "2021.08.06"]

1. d4 {[%clk 00:55:09]} {[%emt 00:00:02]} d5 {[%clk 00:55:08]} {[%emt
00:00:02]} 2. Nf3 {[%clk 00:55:09]} {[%emt 00:00:06]} Nf6 {[%clk 00:55:05]}
{[%emt 00:00:07]} 3. g3 {[%clk 00:55:10]} {[%emt 00:00:05]} c6 {[%clk
00:55:02]} {[%emt 00:00:08]} 4. Bg2 {[%clk 00:55:10]} {[%emt 00:00:05]} g6
{[%clk 00:55:05]} 5. O-O {[%clk 00:54:54]} {[%emt 00:00:20]} Bg7 {[%clk
00:54:41]} {[%emt 00:00:30]} 6. Nc3 {[%emt 00:01:30]} O-O {[%clk 00:54:34]}
{[%emt 00:00:02]} 7. Bf4 {[%clk 00:52:51]} {[%emt 00:00:53]} Bf5 {[%clk
00:51:41]} {[%emt 00:02:57]} 8. Qd2 {[%clk 00:52:24]} {[%emt 00:00:31]} Nbd7
{[%clk 00:50:31]} {[%emt 00:01:16]} 9. Bh6 {[%clk 00:51:56]} {[%emt 00:00:35]}
Qb6 {[%clk 00:46:29]} {[%emt 00:04:05]} 10. Bxg7 {[%clk 00:51:19]} {[%emt
00:00:43]} Kxg7 {[%clk 00:46:31]} {[%emt 00:00:02]} 11. Na4 {[%clk 00:50:49]}
{[%emt 00:00:36]} Qb5 {[%clk 00:45:25]} {[%emt 00:01:09]} 12. b3 {[%clk
00:50:03]} {[%emt 00:00:52]} Ne4 {[%clk 00:44:22]} {[%emt 00:01:08]} 13. Qe3
{[%clk 00:48:15]} {[%emt 00:01:53]} Ndf6 {[%clk 00:41:35]} {[%emt 00:02:52]}
14. Ng5 {[%clk 00:46:17]} {[%emt 00:02:04]} Nxg5 {[%clk 00:40:30]} {[%emt
00:01:10]} 15. Qxg5 {[%clk 00:46:16]} {[%emt 00:00:06]} Bxc2 {[%clk 00:39:47]}
{[%emt 00:00:46]} 16. Rac1 {[%clk 00:44:11]} {[%emt 00:02:07]} Bf5 {[%clk
00:36:59]} {[%emt 00:02:57]} 17. Qd2 {[%clk 00:41:06]} {[%emt 00:03:11]} a5
{[%clk 00:31:58]} {[%emt 00:05:06]} 18. Rc5 {[%clk 00:39:44]} {[%emt 00:01:26]}
Qb4 {[%clk 00:31:18]} {[%emt 00:00:43]} 19. Qc3 {[%clk 00:37:42]} {[%emt
00:02:10]} Nd7 {[%clk 00:29:44]} {[%emt 00:01:39]} 20. Qxb4 {[%clk 00:35:55]}
{[%emt 00:01:52]} axb4 {[%clk 00:29:05]} {[%emt 00:00:42]} 21. Rcc1 {[%clk
00:35:26]} {[%emt 00:00:35]} b5 {[%clk 00:27:03]} {[%emt 00:02:07]} 22. Nc5
{[%clk 00:35:08]} {[%emt 00:00:24]} Rxa2 {[%clk 00:25:53]} {[%emt 00:01:14]}
23. Nxd7 {[%clk 00:34:41]} {[%emt 00:00:33]} Bxd7 {[%clk 00:25:45]} {[%emt
00:00:13]} 24. e4 {[%clk 00:34:20]} {[%emt 00:00:26]} e6 {[%clk 00:25:24]}
{[%emt 00:00:24]} 25. e5 {[%clk 00:33:36]} {[%emt 00:00:50]} Rb2 {[%clk
00:24:28]} {[%emt 00:01:01]} 26. Rb1 {[%clk 00:33:26]} {[%emt 00:00:15]} Rxb1
{[%clk 00:23:52]} {[%emt 00:00:40]} 27. Rxb1 {[%clk 00:33:23]} {[%emt
00:00:09]} Ra8 {[%clk 00:23:31]} {[%emt 00:00:26]} 28. h4 {[%clk 00:32:30]}
{[%emt 00:00:58]} Ra2 {[%clk 00:22:35]} {[%emt 00:01:00]} 29. Kh2 {[%clk
00:31:42]} {[%emt 00:00:55]} Rxf2 {[%emt 00:03:53]} 30. Kh3 {[%clk 00:29:10]}
{[%emt 00:00:33]} Rd2 {[%clk 00:19:52]} {[%emt 00:01:03]} 31. Ra1 {[%clk
00:28:31]} {[%emt 00:00:44]} Rxd4 {[%clk 00:19:44]} {[%emt 00:00:14]} 32. Ra7
{[%emt 00:00:06]} Be8 {[%clk 00:19:32]} {[%emt 00:00:15]} 33. Ra8 {[%emt
00:00:16]} Kf8 {[%clk 00:19:26]} {[%emt 00:00:08]} 34. Kh2 {[%clk 00:27:45]}
{[%emt 00:02:30]} Rd3 {[%clk 00:19:07]} {[%emt 00:01:43]} 35. Kh3 {[%clk
00:26:46]} {[%emt 00:01:05]} Rxb3 {[%clk 00:18:50]} {[%emt 00:00:20]} 36. Kg4
{[%clk 00:24:54]} {[%emt 00:01:58]} h6 {[%clk 00:18:28]} {[%emt 00:00:28]} 37.
Bf3 {[%clk 00:24:44]} {[%emt 00:00:15]} Ra3 {[%clk 00:18:05]} {[%emt 00:00:27]}
38. Rb8 {[%clk 00:24:45]} {[%emt 00:00:04]} b3 {[%clk 00:17:46]} {[%emt
00:00:24]} 0-1

[Event "DVM U10 2020"]
[Site "Magdeburg GER"]
[Date "2021.08.07"]
[Round "5"]
[White "Gersemann, Karl"]
[Black "Burban, Bogdan"]
[Result "1-0"]
[Termination "normal"]
[Board "4.4"]
[WhiteElo "1318"]
[BlackElo "794"]
[WhiteClock "00:35:55"]
[BlackClock "00:11:34"]
[WhiteTeam "TSG Oberschöneweide e.V."]
[BlackTeam "SchachAkademiePaderborn e. V."]
[PlyCount "113"]
[WhiteFideId "34602186"]
[BlackFideId "34609040"]
[EventCountry "GER"]
[EventRounds "7"]
[EventType "team-swiss"]
[EventDate "2021.08.06"]

1. d4 {[%clk 00:55:07]} {[%emt 00:00:02]} d5 {[%clk 00:55:03]} {[%emt
00:00:08]} 2. c4 {[%clk 00:55:02]} {[%emt 00:00:11]} c6 {[%clk 00:55:00]}
{[%emt 00:00:07]} 3. e3 {[%clk 00:54:54]} {[%emt 00:00:13]} Nf6 {[%clk
00:54:14]} {[%emt 00:00:51]} 4. Nf3 {[%clk 00:54:53]} {[%emt 00:00:06]} Bf5
{[%clk 00:53:39]} {[%emt 00:00:40]} 5. Nbd2 {[%clk 00:54:18]} {[%emt 00:00:40]}
Nbd7 {[%clk 00:52:44]} {[%emt 00:01:00]} 6. b3 {[%clk 00:53:52]} {[%emt
00:00:31]} e6 {[%clk 00:51:52]} {[%emt 00:00:57]} 7. Be2 {[%clk 00:53:32]}
{[%emt 00:00:25]} Be7 {[%clk 00:50:56]} {[%emt 00:01:01]} 8. Nh4 {[%clk
00:53:06]} {[%emt 00:00:30]} O-O {[%clk 00:49:33]} {[%emt 00:01:28]} 9. Nxf5
{[%clk 00:53:06]} {[%emt 00:00:06]} exf5 {[%clk 00:49:30]} {[%emt 00:00:08]}
10. cxd5 {[%clk 00:52:53]} {[%emt 00:00:18]} cxd5 {[%clk 00:48:23]} {[%emt
00:01:11]} 11. Bb2 {[%clk 00:52:41]} {[%emt 00:00:18]} Rc8 {[%clk 00:46:41]}
{[%emt 00:01:46]} 12. O-O {[%clk 00:52:37]} {[%emt 00:00:10]} Qc7 {[%clk
00:44:58]} {[%emt 00:01:48]} 13. Rc1 {[%clk 00:52:16]} {[%emt 00:00:26]} Qd6
{[%clk 00:44:05]} {[%emt 00:00:57]} 14. Nf3 {[%clk 00:51:07]} {[%emt 00:01:14]}
Ne4 {[%clk 00:42:18]} {[%emt 00:01:52]} 15. Nd2 {[%clk 00:50:49]} {[%emt
00:00:23]} Nef6 {[%clk 00:41:12]} {[%emt 00:01:10]} 16. Nb1 {[%clk 00:50:18]}
{[%emt 00:00:38]} Nb6 {[%clk 00:40:33]} {[%emt 00:00:43]} 17. Qd2 {[%clk
00:49:43]} {[%emt 00:00:40]} Rfe8 {[%clk 00:38:02]} {[%emt 00:02:36]} 18. a4
{[%clk 00:49:20]} {[%emt 00:00:29]} Ne4 {[%clk 00:37:14]} {[%emt 00:00:52]} 19.
Rxc8 {[%clk 00:47:51]} {[%emt 00:01:34]} Rxc8 {[%clk 00:37:10]} {[%emt
00:00:10]} 20. Qa5 {[%clk 00:47:20]} {[%emt 00:00:36]} a6 {[%clk 00:35:49]}
{[%emt 00:01:25]} 21. Ba3 {[%clk 00:47:07]} {[%emt 00:00:19]} Qc7 {[%clk
00:31:37]} {[%emt 00:04:15]} 22. Bxe7 {[%clk 00:46:31]} {[%emt 00:00:42]} Qxe7
{[%clk 00:30:08]} {[%emt 00:01:34]} 23. Qxb6 {[%clk 00:46:30]} {[%emt
00:00:07]} Rc6 {[%clk 00:28:47]} {[%emt 00:01:26]} 24. Qa5 {[%clk 00:46:05]}
{[%emt 00:00:29]} h6 {[%clk 00:27:02]} {[%emt 00:01:50]} 25. Rd1 {[%clk
00:45:12]} {[%emt 00:00:59]} Qd7 {[%clk 00:25:55]} {[%emt 00:01:08]} 26. h3
{[%clk 00:43:30]} {[%emt 00:01:59]} Qc8 {[%clk 00:24:38]} {[%emt 00:01:21]} 27.
Bf3 {[%clk 00:42:24]} {[%emt 00:01:13]} Rc1 {[%clk 00:23:12]} {[%emt 00:01:31]}
28. Qe1 {[%clk 00:42:20]} {[%emt 00:00:10]} Rc2 {[%clk 00:22:18]} {[%emt
00:00:58]} 29. Bxe4 {[%clk 00:42:13]} {[%emt 00:00:12]} fxe4 {[%clk 00:22:13]}
{[%emt 00:00:10]} 30. Nd2 {[%clk 00:41:45]} {[%emt 00:00:33]} Rc6 {[%clk
00:21:47]} {[%emt 00:00:31]} 31. Nf1 {[%clk 00:40:55]} {[%emt 00:00:55]} Rg6
{[%clk 00:21:15]} {[%emt 00:00:36]} 32. Kh2 {[%clk 00:40:26]} {[%emt 00:00:35]}
Qd8 {[%clk 00:20:16]} {[%emt 00:01:04]} 33. g3 {[%clk 00:39:54]} {[%emt
00:00:37]} Qg5 {[%clk 00:19:51]} {[%emt 00:00:30]} 34. Rd2 {[%clk 00:39:35]}
{[%emt 00:00:25]} h5 {[%clk 00:19:18]} {[%emt 00:00:36]} 35. h4 {[%clk
00:39:31]} {[%emt 00:00:10]} Qg4 {[%clk 00:18:33]} {[%emt 00:00:50]} 36. Qd1
{[%clk 00:39:14]} {[%emt 00:00:22]} Qf5 {[%clk 00:17:56]} {[%emt 00:00:42]} 37.
Qe2 {[%clk 00:38:07]} {[%emt 00:01:13]} Rc6 {[%clk 00:17:25]} {[%emt 00:00:35]}
38. Rc2 {[%clk 00:38:04]} {[%emt 00:00:09]} Qf3 {[%clk 00:16:52]} {[%emt
00:00:38]} 39. Qxf3 {[%clk 00:37:52]} {[%emt 00:00:17]} exf3 {[%clk 00:16:45]}
{[%emt 00:00:11]} 40. Rxc6 {[%clk 00:37:49]} {[%emt 00:00:08]} bxc6 {[%clk
00:16:43]} {[%emt 00:00:08]} 41. Nd2 {[%clk 00:37:52]} {[%emt 00:00:01]} f5
{[%clk 00:16:12]} {[%emt 00:00:36]} 42. Nxf3 {[%clk 00:37:50]} {[%emt
00:00:07]} Kh7 {[%clk 00:15:47]} {[%emt 00:00:30]} 43. Ne5 {[%clk 00:37:44]}
{[%emt 00:00:12]} Kh6 {[%clk 00:15:28]} {[%emt 00:00:23]} 44. Nxc6 {[%clk
00:37:40]} {[%emt 00:00:09]} g5 {[%clk 00:15:19]} {[%emt 00:00:14]} 45. b4
{[%clk 00:37:35]} {[%emt 00:00:11]} gxh4 {[%clk 00:14:59]} {[%emt 00:00:25]}
46. gxh4 {[%clk 00:37:25]} {[%emt 00:00:14]} Kg7 {[%clk 00:14:50]} {[%emt
00:00:14]} 47. Ne7 {[%clk 00:37:21]} {[%emt 00:00:09]} Kf7 {[%clk 00:14:29]}
{[%emt 00:00:25]} 48. Nxd5 {[%clk 00:37:14]} {[%emt 00:00:13]} Ke6 {[%clk
00:14:11]} {[%emt 00:00:24]} 49. Nf4+ {[%clk 00:36:58]} {[%emt 00:00:21]} Kd6
{[%clk 00:13:49]} {[%emt 00:00:26]} 50. Nxh5 {[%clk 00:36:44]} {[%emt
00:00:19]} Kd5 {[%clk 00:13:37]} {[%emt 00:00:16]} 51. b5 {[%clk 00:36:36]}
{[%emt 00:00:14]} axb5 {[%clk 00:13:30]} {[%emt 00:00:12]} 52. axb5 {[%clk
00:36:34]} {[%emt 00:00:08]} Kd6 {[%clk 00:13:15]} {[%emt 00:00:20]} 53. Nf4
{[%clk 00:36:12]} {[%emt 00:00:26]} Kc7 {[%clk 00:12:40]} {[%emt 00:00:40]} 54.
h5 {[%clk 00:36:05]} {[%emt 00:00:12]} Kb6 {[%clk 00:12:22]} {[%emt 00:00:23]}
55. h6 {[%clk 00:36:00]} {[%emt 00:00:10]} Kxb5 {[%clk 00:12:20]} {[%emt
00:00:08]} 56. h7 {[%clk 00:35:57]} {[%emt 00:00:07]} Kc6 {[%clk 00:11:34]}
{[%emt 00:00:51]} 57. h8=Q {[%clk 00:35:55]} {[%emt 00:00:11]} Kd5 {[%emt
00:00:52]} 1-0

[Event "DVM U10 2020"]
[Site "Magdeburg GER"]
[Date "2021.08.07"]
[Round "5"]
[White "Büchel, David"]
[Black "Arne, Jonas"]
[Result "1-0"]
[Termination "normal"]
[Board "5.1"]
[WhiteElo "1408"]
[BlackElo "1205"]
[WhiteTeam "Schachfreunde München e.V."]
[BlackTeam "SC 1975 Bann"]
[PlyCount "65"]
[WhiteFideId "34603689"]
[BlackFideId "34640398"]
[EventCountry "GER"]
[EventRounds "7"]
[EventType "team-swiss"]
[EventDate "2021.08.06"]

{[%evp 0,65,23,31,70,75,64,67,73,70,67,85,88,65,72,79,70,17,33,32,62,50,26,10,
94,74,86,98,85,91,90,95,99,55,51,62,62,51,55,63,55,-21,19,39,26,30,87,87,91,94,
110,128,138,137,139,136,194,222,231,243,250,241,284,154,302,289,453,462] normal
} 1. e4 d6 2. d4 Nf6 3. Nc3 g6 4. Be3 Nc6 5. Nf3 Bg4 6. h3 Bxf3 7. Qxf3 Bg7 8.
Bc4 O-O 9. O-O a6 10. Rad1 e5 11. d5 Na5 12. Bd3 b6 13. Qe2 b5 14. b4 Nb7 15.
a3 Nh5 16. Nb1 Nf4 17. Bxf4 exf4 18. c4 bxc4 19. Bxc4 a5 20. Ba6 Qb8 21. Nd2
axb4 22. axb4 g5 23. Rb1 Qa7 24. Bb5 Nd8 25. Rfc1 Qb6 26. Nf3 h6 27. Qc4 Rc8
28. Bd7 Rb8 29. Qxc7 Qxc7 30. Rxc7 Nb7 31. Bc6 Nd8 32. b5 Nxc6 33. dxc6 1-0

[Event "DVM U10 2020"]
[Site "Magdeburg GER"]
[Date "2021.08.07"]
[Round "5"]
[White "Klein, Levent"]
[Black "Merenda, Lukas-Benedikt"]
[Result "0-1"]
[Termination "normal"]
[Board "5.2"]
[WhiteElo "1229"]
[BlackElo "1222"]
[WhiteTeam "SC 1975 Bann"]
[BlackTeam "Schachfreunde München e.V."]
[PlyCount "48"]
[WhiteFideId "34611274"]
[BlackFideId "34603336"]
[EventCountry "GER"]
[EventRounds "7"]
[EventType "team-swiss"]
[EventDate "2021.08.06"]

{[%evp 0,48,23,20,28,-20,18,8,23,12,15,25,18,35,19,28,20,-27,-34,-45,-42,-30,
-6,-68,-42,-56,1,-99,-44,-60,11,24,34,8,10,14,52,47,67,53,70,70,58,28,89,53,
101,34,48,-1015,-1092] normal} 1. d4 Nf6 2. c4 e5 3. dxe5 Ng4 4. Nf3 Bc5 5. e3
Nc6 6. Nc3 Ngxe5 7. Nxe5 Nxe5 8. Qd5 d6 9. Qe4 O-O 10. Be2 Re8 11. Qc2 Be6 12.
b3 Bb4 13. Bd2 Qg5 14. O-O-O Ba3+ 15. Kb1 Qe7 16. f4 Nc6 17. f5 Bc8 18. Nd5 Qd8
19. Bc3 f6 20. Bh5 Rf8 21. g4 Ne7 22. Qd3 c6 23. Nxe7+ Qxe7 24. Qxd6 Bxd6 0-1

[Event "DVM U10 2020"]
[Site "Magdeburg GER"]
[Date "2021.08.07"]
[Round "5"]
[White "Schäfle, Moritz"]
[Black "Klein, Deniz"]
[Result "1-0"]
[Termination "normal"]
[Board "5.3"]
[WhiteElo "1330"]
[BlackElo "949"]
[WhiteTeam "Schachfreunde München e.V."]
[BlackTeam "SC 1975 Bann"]
[PlyCount "131"]
[WhiteFideId "34617043"]
[BlackFideId "34611282"]
[EventCountry "GER"]
[EventRounds "7"]
[EventType "team-swiss"]
[EventDate "2021.08.06"]

{[%evp 0,62,20,20,58,43,33,22,69,18,12,24,13,-2,62,61,91,46,52,58,93,21,107,72,
70,74,186,200,200,197,214,185,178,191,250,252,261,156,222,148,148,124,147,150,
149,156,196,195,191,161,169,166,166,150,170,154,155,153,162,158,164,136,190,
195,214] normal} 1. Nf3 c5 2. e4 Nc6 3. Bb5 g6 4. Bxc6 bxc6 5. O-O Bg7 6. d3 e6
7. Nbd2 d5 8. c4 Ne7 9. Nb3 Qb6 10. Rb1 O-O 11. Be3 d4 12. Bf4 Bb7 13. Bd6 Rfe8
14. Bxc5 Qd8 15. Bxd4 Bxd4 16. Nfxd4 e5 17. Nf3 Qd6 18. Qc2 Red8 19. Rfd1 c5
20. Qc3 Nc6 21. Na5 Nxa5 22. Qxa5 Re8 23. b4 cxb4 24. Qxb4 Qxb4 25. Rxb4 Bc6
26. Rd2 Rab8 27. Rxb8 Rxb8 28. h3 f6 29. Kf1 Kf7 30. Rc2 Rd8 31. Ke2 Rd7 32.
Rb2 Ke6 33. Ke3 Rd8 34. Rb3 Rd7 35. Ra3 h6 36. Ra6 Rc7 37. d4 exd4+ 38. Nxd4+
Kd7 39. Rxc6 Rxc6 40. Nxc6 Kxc6 41. Kd4 Kd6 42. c5+ Ke6 43. Kc4 a6 44. Kd4 h5
45. f4 h4 46. e5 fxe5+ 47. fxe5 g5 48. c6 a5 49. Kc5 a4 50. Kb6 Kxe5 51. c7 Kf4
52. c8=Q Kg3 53. Qg4+ Kh2 54. Qxg5 a3 55. Qxh4 Kxg2 56. Qg4+ Kf2 57. h4 Ke3 58.
h5 Kd3 59. Qg3+ Kc2 60. Qxa3 Kb1 61. h6 Ka1 62. h7 Kb1 63. h8=Q Kc2 64. Qh2+
Kd1 65. Qd3+ Ke1 66. Qb1# 1-0

[Event "DVM U10 2020"]
[Site "Magdeburg GER"]
[Date "2021.08.07"]
[Round "5"]
[White "Gulamzada, Elmir"]
[Black "Kommessin, Felix"]
[Result "1/2-1/2"]
[Termination "normal"]
[Board "6.1"]
[WhiteElo "1390"]
[BlackElo "1322"]
[WhiteTeam "SV Werder Bremen"]
[BlackTeam "Schachfreunde Brackel 1930 e. V."]
[PlyCount "80"]
[WhiteFideId "34604332"]
[BlackFideId "16294661"]
[EventCountry "GER"]
[EventRounds "7"]
[EventType "team-swiss"]
[EventDate "2021.08.06"]

{[%evp 0,80,20,31,31,23,23,15,15,3,3,3,3,23,32,-24,15,17,26,15,39,9,-10,3,60,
26,52,-36,-43,-85,79,82,119,37,30,-10,57,0,0,-14,76,64,76,-27,-24,-37,-25,-104,
-90,-206,-20,-7,30,-27,151,70,50,34,183,161,171,76,165,119,130,132,134,-133,
-131,-36,0,-144,-146,-140,-145,-178,-171,-197,0,-142,-121,-131,153] normal} 1.
e4 e5 2. Nf3 Nc6 3. Bc4 Nf6 4. O-O Bc5 5. d3 d6 6. c3 O-O 7. d4 exd4 8. cxd4
Bb4 9. a3 Ba5 10. b4 Bb6 11. Nc3 a6 12. Bg5 h6 13. Bh4 Bg4 14. h3 Bh5 15. g4 g5
16. Bg3 Bg6 17. d5 Ne7 18. e5 dxe5 19. Nxe5 Nd7 20. Nxg6 Nxg6 21. Qc2 Nde5 22.
Bb3 Nf3+ 23. Kg2 Nd4 24. Qb2 Nxb3 25. Qxb3 Bd4 26. Rac1 Ne7 27. Ne2 Bb6 28.
Rfd1 Re8 29. d6 Nc6 30. dxc7 Qc8 31. Nc3 Bxc7 32. Nd5 Bd8 33. Bc7 Bxc7 34. Nf6+
Kf8 35. Nxe8 Qxe8 36. Re1 Qd8 37. Qe3 Qd5+ 38. Kg1 Nd4 39. Rcd1 Nf3+ 40. Kf1
Nd2+ 1/2-1/2

[Event "DVM U10 2020"]
[Site "Magdeburg GER"]
[Date "2021.08.07"]
[Round "5"]
[White "Böing, Oskar"]
[Black "Zimmer, Tim"]
[Result "0-1"]
[Termination "normal"]
[Board "6.2"]
[WhiteElo "969"]
[BlackElo "1013"]
[WhiteTeam "Schachfreunde Brackel 1930 e. V."]
[BlackTeam "SV Werder Bremen"]
[PlyCount "48"]
[WhiteFideId "16285654"]
[BlackFideId "34603115"]
[EventCountry "GER"]
[EventRounds "7"]
[EventType "team-swiss"]
[EventDate "2021.08.06"]

{[%evp 0,48,20,31,31,23,23,23,23,14,26,7,8,-36,-35,-35,-31,-30,-20,-59,-49,
-125,-119,-135,0,-1097,-594,-849,-878,-880,-896,-1161,-1173,-1177,-1184,-1200,
-1201,-1288,-1418,-1853,-2043,-29991,-29992,-29993,-29992,-29995,-29996,-29997,
-29998,-29999,-30000] normal} 1. e4 e5 2. Nc3 Nf6 3. Nf3 Nc6 4. Bc4 Nxe4 5.
Nxe4 d5 6. Bxd5 Qxd5 7. Nc3 Qd8 8. O-O Bg4 9. Qe2 Bd6 10. Qe4 f5 11. Qd3 e4 12.
Nd4 Nxd4 13. Qxd4 Bxh2+ 14. Kxh2 Qxd4 15. Nb5 Qe5+ 16. Kg1 Qxb5 17. Re1 O-O 18.
Re3 f4 19. Rb3 Qe2 20. Rxb7 Qe1+ 21. Kh2 Rf6 22. Rb6 axb6 23. g3 Qxf2+ 24. Kh1
Bf3# 0-1

[Event "DVM U10 2020"]
[Site "Magdeburg GER"]
[Date "2021.08.07"]
[Round "5"]
[White "Schube, Theresa"]
[Black "Draxler, Henning"]
[Result "1-0"]
[Termination "normal"]
[Board "6.3"]
[WhiteElo "1264"]
[BlackElo "826"]
[WhiteTeam "SV Werder Bremen"]
[BlackTeam "Schachfreunde Brackel 1930 e. V."]
[PlyCount "91"]
[WhiteFideId "34608800"]
[BlackFideId "34634037"]
[EventCountry "GER"]
[EventRounds "7"]
[EventType "team-swiss"]
[EventDate "2021.08.06"]

{[%evp 0,55,20,31,31,23,23,14,14,5,4,4,6,-27,-6,21,14,31,30,46,24,3,89,70,138,
85,357,315,392,352,457,-131,526,525,679,509,509,566,839,839,848,832,845,754,
845,701,858,679,815,761,773,647,636,635,639,601,664,660] normal} 1. e4 e5 2.
Nf3 Nc6 3. Bc4 Bc5 4. c3 Nf6 5. d4 exd4 6. cxd4 Bb4+ 7. Bd2 Bxd2+ 8. Nbxd2 d5
9. exd5 Nxd5 10. O-O Bg4 11. Re1+ Nce7 12. Qb3 Nb6 13. Bxf7+ Kf8 14. Ne5 Qxd4
15. Bh5 Qd5 16. Bxg4 Rd8 17. Re3 Qxb3 18. Nxb3 Re8 19. Rf3+ Nf5 20. Rxf5+ Kg8
21. Re1 Nd7 22. Re2 g6 23. Rg5 Nf6 24. h3 Kg7 25. Nd3 Nxg4 26. Rxe8 Rxe8 27.
hxg4 h6 28. Re5 Rd8 29. Nbc5 b6 30. Ne6+ Kf6 31. Nxd8 c5 32. Re3 c4 33. Nb4 a5
34. Nd5+ Kg7 35. Nxb6 c3 36. bxc3 a4 37. c4 h5 38. c5 hxg4 39. c6 g3 40. c7
gxf2+ 41. Kxf2 a3 42. c8=Q Kh6 43. Rg3 g5 44. Qe6+ Kg7 45. Rxg5+ Kf8 46. Qf7#
1-0

[Event "DVM U10 2020"]
[Site "Magdeburg GER"]
[Date "2021.08.07"]
[Round "5"]
[White "Seling, Simon"]
[Black "Marrufo, Adriana"]
[Result "1-0"]
[Termination "normal"]
[Board "6.4"]
[WhiteElo "836"]
[BlackElo "844"]
[WhiteTeam "Schachfreunde Brackel 1930 e. V."]
[BlackTeam "SV Werder Bremen"]
[PlyCount "105"]
[WhiteFideId "34681809"]
[BlackFideId "34630252"]
[EventCountry "GER"]
[EventRounds "7"]
[EventType "team-swiss"]
[EventDate "2021.08.06"]

{[%evp 0,48,20,31,31,23,23,14,14,3,3,-159,386,383,553,490,567,359,1009,1079,
1223,1297,1628,1718,1723,1752,1752,1760,1952,1406,1406,1399,1399,864,883,883,
899,910,921,917,919,866,990,881,903,883,990,1000,1075,1072,1226] normal} 1. e4
e5 2. Nf3 Nc6 3. Bc4 Bc5 4. O-O Nf6 5. Nxe5 d6 6. Nxf7 Qd7 7. Nxh8 Qe7 8. Nc3
Nxe4 9. Nxe4 Qxe4 10. Re1 Be3 11. Rxe3 Qxe3 12. dxe3 Ne5 13. Qd5 c6 14. Qxd6
Nxc4 15. Qd4 Be6 16. b3 Rd8 17. Qxd8+ Kxd8 18. bxc4 Bxc4 19. Bb2 g6 20. g3 b5
21. Kg2 a5 22. Kf3 g5 23. a4 h5 24. axb5 Bd5+ 25. Ke2 cxb5 26. Rxa5 Bc4+ 27.
Kf3 Kd7 28. Nf7 g4+ 29. Kg2 Ke6 30. Nd8+ Kf5 31. Nc6 Ke6 32. Nd4+ Kd5 33. Nxb5
Kc5 34. Na3+ Kb4 35. Nxc4 Kxc4 36. Bc3 Kxc3 37. e4 Kb4 38. Ra3 Kc5 39. Re3 Kd6
40. e5+ Ke6 41. c4 h4 42. c5 h3+ 43. Kh1 Ke7 44. c6 Kd8 45. e6 Kc8 46. e7 Kc7
47. e8=Q Kd6 48. Rd3+ Kc7 49. Qd7+ Kb6 50. Qb7+ Kc5 51. c7 Kc4 52. Rd1 Kc3 53.
c8=Q# 1-0

[Event "DVM U10 2020"]
[Site "Magdeburg GER"]
[Date "2021.08.07"]
[Round "5"]
[White "Fischer, Lorenz"]
[Black "He, Saiqi"]
[Result "1-0"]
[Termination "normal"]
[Board "7.1"]
[WhiteElo "1164"]
[BlackElo "1116"]
[WhiteTeam "Schachfreunde Tegernheim"]
[BlackTeam "SchVgg Blankenese von 1923 e.V."]
[PlyCount "51"]
[WhiteFideId "16296710"]
[BlackFideId "16292723"]
[EventCountry "GER"]
[EventRounds "7"]
[EventType "team-swiss"]
[EventDate "2021.08.06"]

{[%evp 0,51,20,31,31,23,23,14,14,4,4,4,4,-11,-1,-37,-51,-28,-34,-3,62,-66,-64,
-58,-17,-19,-39,-32,-49,-57,21,22,24,37,31,8,69,43,121,110,129,116,149,58,241,
187,136,132,536,539,546,547,551,556] normal} 1. e4 e5 2. Nf3 Nc6 3. Bc4 Bc5 4.
c3 Nf6 5. d4 exd4 6. cxd4 Bb4+ 7. Nc3 Nxe4 8. O-O Bxc3 9. d5 O-O 10. dxc6 Bf6
11. Bd5 Nc5 12. Be3 dxc6 13. Bxc5 cxd5 14. Bxf8 Qxf8 15. Qxd5 Bxb2 16. Rab1 Bf6
17. Rfe1 Rb8 18. Qa5 Ra8 19. Qxc7 h6 20. Ne5 Be6 21. Rxb7 Bxa2 22. Rxa7 Rxa7
23. Qxa7 Qd6 24. Qxa2 Bxe5 25. Qa8+ Kh7 26. Qe4+ 1-0

[Event "DVM U10 2020"]
[Site "Magdeburg GER"]
[Date "2021.08.07"]
[Round "5"]
[White "Fischer, Quirin"]
[Black "Ueberholz, Lasse"]
[Result "0-1"]
[Termination "normal"]
[Board "7.3"]
[WhiteElo "1085"]
[BlackElo "995"]
[WhiteTeam "Schachfreunde Tegernheim"]
[BlackTeam "SchVgg Blankenese von 1923 e.V."]
[PlyCount "76"]
[WhiteFideId "34623787"]
[BlackFideId "16286766"]
[EventCountry "GER"]
[EventRounds "7"]
[EventType "team-swiss"]
[EventDate "2021.08.06"]

{[%evp 0,61,20,31,31,23,23,14,34,42,40,44,78,82,155,79,147,64,95,139,217,163,
148,143,143,63,67,-99,199,-819,-819,-1203,-1216,-1272,-1241,-1241,-1269,-1331,
-1254,-1279,-1243,-1270,-1056,-1087,-1089,-1293,-1242,-1265,-1262,-1328,-1176,
-1201,-1192,-1214,-1216,-1369,-1316,-1513,-1471,-1576,-1469,-1492,-1263,-1707]
normal} 1. e4 e5 2. Nf3 Nc6 3. Bc4 h6 4. d4 exd4 5. Nxd4 Nxd4 6. Qxd4 Nf6 7.
Nc3 Be7 8. O-O O-O 9. e5 c5 10. Qd1 Ne8 11. Qf3 d6 12. Qg3 dxe5 13. Bxh6 b5 14.
Qxg7+ Nxg7 15. Rfe1 bxc4 16. Re3 Bg5 17. Bxg5 Qxg5 18. Rg3 Qe7 19. Nd5 Qd6 20.
Rd1 Qe6 21. Nc7 Qc6 22. Nd5 Re8 23. h3 Bf5 24. c3 Rad8 25. Ne7+ Rxe7 26. Rxd8+
Kh7 27. Re3 Nh5 28. Rf3 Qg6 29. a4 e4 30. Re3 f6 31. Kh1 Rg7 32. g3 Nxg3+ 33.
fxg3 Qg5 34. Re2 Qxg3 35. Rd1 e3 36. a5 Be4+ 37. Rg2 Qxh3+ 38. Kg1 Qxg2# 0-1